LEADER 01054nam0-22003491i-450- 001 990007066400403321 010 $a88-17-12157-6 035 $a000706640 035 $aFED01000706640 035 $a(Aleph)000706640FED01 035 $a000706640 100 $a20020326d2001----km-y0itay50------ba 101 2 $aita$cgrc 102 $aIT 105 $aab------001cd 200 1 $aAnabasi$fSenofonte$gintroduzione di Italo Calvino, traduzione, note e premessa al testo di Franco Ferrari 205 $a11. ed. 210 $aMilano$cRizzoli$d2001 215 $a509 p.$cill.$d18 cm 225 1 $aBUR$iClassici greci e latini 500 10$aAnabasis$min greco e in italiano$917569 676 $a880$v20$zit 700 1$aXenophon$f<427/26- ca. 353 a. C.>$075253 702 1$aCalvino,$bItalo$f<1923-1985> 702 1$aFerrari,$bFranco 801 0$aIT$bUNINA$gRICA$2UNIMARC 901 $aBK 912 $a990007066400403321 951 $aDirez.$bddr$c21$eDip.to Diritto romano e SSR$fddr 959 $aDDR 996 $aAnabasis$917569 997 $aUNINA LEADER 01150nam0 22003011i 450 001 UON00258024 005 20231205103700.504 010 $a41-01-14635-7 100 $a20041013d1994 |0itac50 ba 101 $ajpn 102 $aJP 105 $a|||| 1|||| 200 1 $aYumeni junzu$fSono Ayako 210 $aTokyo$cShinchosha$d1994 215 $a717 p.$d15 cm 311 $aGIA VI 1138 N$9UON00060291 410 0$1001UON00060291$12001 $aShincho Bunko$vGIA VI 1138 N 606 $aLetteratura giapponese$xNarrativa$xSec. 20.$3UONC000232$2FI 620 $aJP$dTo?kyo?$3UONL000031 686 $aGIA VI BA$cGiappone - Letteratura moderna e contemporanea - Testi$2A 700 0$aSONO Ayako$3UONV016889$0624483 712 $aShinchôsha$3UONV246448$4650 801 $aIT$bSOL$c20260220$gRICA 899 $aSIBA - SISTEMA BIBLIOTECARIO DI ATENEO E ARCHIVIO STORICO$2UONSI 912 $aUON00258024 950 $aSIBA - SISTEMA BIBLIOTECARIO DI ATENEO E ARCHIVIO STORICO$dSI GIA VI BA 1138 N $eSI SA 111549 7 1138 N 996 $aYumeni junzu$91238960 997 $aUNIOR